| 000 | 02001nam a22003137a 4500 | ||
|---|---|---|---|
| 010 | _aENG-99094 B-445594-598 | ||
| 020 |
_c695.00 _a9788178242590 |
||
| 020 |
_c695.00 _a8178242591 |
||
| 035 | _aEN-82626 B-445594-598 | ||
| 037 | _bDBAD / PUB | ||
| 037 | _bAllied Pub/Ven | ||
| 082 | _a230.2 | ||
| 100 |
_aNovetzke, Christian Lee _940629 |
||
| 245 |
_aHistory, Bhakti, and public memory: _cby Christian Lee Novetzke _bnamdev in religious and secular traditions / |
||
| 260 |
_aRanikhet _bpermanent black _c2008 |
||
| 270 |
_bRanikhet _e263645 _a'Himalayana', Mall Road, Ranikhet cantt, |
||
| 300 |
_axxii, 309p. _c23cm (Hb) |
||
| 500 | _aIncludes bibliographical references and index | ||
| 600 |
_aBaba Visakha Singh _xBiography. _940630 |
||
| 700 | _96162 | ||
| 942 |
_2ddc _cEN _mNOV _h230.2 |
||
| 999 |
_c40462 _d40462 |
||